000 nam a22 a 4500
999 _c3
_d3
005 20170412105634.0
008 170412t20051997my ||||| |||| 00| 0 may d
020 _a9839323024 (kkt.)
_cRM 25.90
040 _aAKMAL
082 _a158.1
090 _a158.1
_b LIM
100 1 _aLim, Billi P. S
_d1950-
_913
245 1 0 _aBerani gagal
_coleh Billi P.S.Lim ; penterjemah Ibrahim Abdul Rahman
260 _aPetaling Jaya
_bHardknock Factory
_c1997
300 _a[300]ms.
_c22cm
599 _aDALAM PROSES
650 _aFailure (Psychology)
_914
650 _aFear of failure
_915
650 _aLosers
_916
700 0 _aIbrahim Abdul Rahman
_917
942 _2ddc
_cBOOK